00443nam a2200157Ia 4500008004100000020001800041082001400059100002100073245002500094250000800119260004200127300002600169500001900195600002100214650005000235240925s9999 xx 000 0 und d a9788131724613 a005.1 SOM aSommerville, Ian 0aSoftware Engineering a8th aNew Delhi:bPearson Educationc,2007. a957p.bN.AfPhotocopy aIncludes Index aComputer Science aComputer science, information & general works